Statistics for Complete the Titles of Songs by The Eagles

Click here to take the quiz!

General Stats

  • This quiz has been taken 44 times
  • The average score is 12 of 15

Answer Stats

Song Title% Correct
Life in the Fast {Lane}
100%
Hotel {California}
98%
Take It {Easy}
98%
One of These {Nights}
95%
Peaceful Easy {Feeling}
93%
Take It to the {Limit}
93%
Lyin' {Eyes}
90%
Tequila {Sunrise}
90%
Witchy {Woman}
90%
Best of My {Love}
80%
Already {Gone}
76%
Heartache {Tonight}
73%
I Can't Tell You {Why}
71%
The Long {Run}
63%
Outlaw {Man}
27%

Score Distribution

Percentile by Number Answered

Percent of People with Each Score

Your Score History

You have not taken this quiz